Rozvoj vidieckeho cestovného ruchu v podroháčskej obci Zuberec diplomová práca

Na minha lista:
Detalhes bibliográficos
Autor principal: Chovancová, Soňa
Autor Corporativo: Obchodná fakulta EU. Katedra služieb a cestovného ruchu - zrušené
Outros Autores: Sniščák, Vincent
Formato: Livro
Idioma:eslovaco
Publicado em: Bratislava 2008
Tags: Adicionar Tag
Sem tags, seja o primeiro a adicionar uma tag!

MARC

LEADER 00000nam$a2200000$$$4500
001 0087902
005 20240201120325.3
041 0 |a slo 
044 |a SK 
245 1 0 |a Rozvoj vidieckeho cestovného ruchu v podroháčskej obci Zuberec  |b diplomová práca  |c Soňa Chovancová ; škol. Vincent Sniščák 
264 1 |a Bratislava  |c 2008 
300 |a 79 s. 
100 1 |a Chovancová, Soňa 
700 1 |a Sniščák, Vincent 
710 2 |a Obchodná fakulta EU. Katedra služieb a cestovného ruchu - zrušené